[Event "4th Orense it"]
[Site "Orense ESP"]
[Date "1975.01.23"]
[Round "7"]
[White "Bellon Lopez, Juan Manuel"]
[Black "Tarjan, James Edward"]
[Result "1-0"]
[WhiteElo "2415"]
[BlackElo "2480"]
[EventDate "1975.01.16"]
[PlyCount "83"]

1.b3 e5 2.Bb2 d6 3.g3 Nf6 4.Bg2 g6 5.e4 Bg7 6.Ne2 O-O 7.O-O c5 8.a4 Nc6 9.
d3 d5 10.Nd2 d4 11.h3 Nh5 12.Bc1 f5 13.Ba3 Qe7 14.exf5 gxf5 15.Re1 e4 16.
dxe4 f4 17.g4 Nf6 18.Nxf4 Nxg4 19.Nd3 Nce5 20.hxg4 Bxg4 21.f3 Qh4 22.Bxc5 
Nxf3+ 23.Nxf3 Rxf3 24.Bxf3 Qg3+ 25.Bg2 Bxd1 26.Raxd1 b6 27.Bb4 h5 28.Rf1 
Rc8 29.Be1 Qg4 30.Nf2 Qe2 31.Rd2 Qe3 32.Rd3 Qe2 33.Bf3 Qxc2 34.Bxh5 Rf8 
35.Rg3 Kh8 36.Bd1 Qc7 37.Kg2 Rf6 38.Bd2 Kg8 39.Bg5 Rg6 40.Bh5 Be5 41.Bxg6 
Bxg3 42.Ng4 1-0

[Event "4th Orense it"]
[Site "Orense ESP"]
[Date "1975.01.23"]
[Round "7"]
[White "Durao, Joaquim Manuel"]
[Black "Hernando Pertierra, Jose Carlos"]
[Result "0-1"]
[WhiteElo "2350"]
[BlackElo "2200"]
[EventDate "1975.01.16"]
[PlyCount "59"]

1.e4 c5 2.Nf3 d6 3.d4 cxd4 4.Nxd4 Nf6 5.Nc3 a6 6.f4 Nbd7 7.Bd3 b5 8.Qf3 
Bb7 9.O-O g6 10.Be3 Bg7 11.a3 O-O 12.Nde2 e6 13.Qh3 Rc8 14.f5 exf5 15.exf5
Ne5 16.Kh1 Re8 17.Bg5 Qd7 18.Qh4 Qc6 19.Qh3 Neg4 20.fxg6 hxg6 21.Bxf6 Nxf6
22.Rf2 Re5 23.Raf1 Rg5 24.Ng3 d5 25.Qh4 Rg4 26.Qh3 d4 27.Na2 Re8 28.Kg1 
Bc8 29.Nh1 Re3 30.Rf3 $138 0-1

[Event "4th Orense it"]
[Site "Orense ESP"]
[Date "1975.01.23"]
[Round "7"]
[White "Gheorghiu, Florin"]
[Black "Ljubojevic, Ljubomir"]
[Result "1-0"]
[WhiteElo "2540"]
[BlackElo "2615"]
[EventDate "1975.01.16"]
[Annotator "Raicevic,V"]
[PlyCount "85"]

{[Inf 19/534]} 
1.d4 Nf6 2.c4 e6 3.Nf3 c5 4.e3 $5 ( 4.d5 ) ( 4.Nc3 ) 4...Be7 ( 4...d5 $5 )
5.Nc3 O-O 6.d5 $5 exd5 7.cxd5 d6 8.Be2 Na6 ( 8...Bg4 $5 {, con idea de 
Cbd7} ) 9.O-O Nc7 10.a4 Bg4 $6 ( 10...b6 $5 {Con idea de a6, Tb8, b5, 
poco claro} ) 11.e4 a6 12.Nd2 $1 Bd7 13.a5 $14 Nb5 14.Bd3 $6 Ne8 $6 ( 
14...Ng4 $5 $13 ) 15.Nc4 Bf6 16.Na4 Bd4 17.Nab6 Rb8 18.Bf4 Nf6 19.h3 ( 19.
Nxd6 $2 Bg4 $19 ) 19...Qc7 20.Qf3 $1 Rbe8 21.Rae1 $16 {[Con idea de Cd6+-]
} 21...Re5 $6 ( 21...Be5 $16 ) 22.Nxe5 dxe5 23.Bg5 Ne8 $2 $18 24.Be7 Bxb2 
25.Bxf8 Kxf8 26.Qe2 Bd4 27.Kh1 Nc3 28.Qh5 Nf6 29.Qh4 Bb5 30.Bc4 $1 Be8 31.
g4 h6 ( 31...Nfxe4 32.Qxh7 ) 32.f3 Ng8 33.g5 Qd8 34.f4 exf4 35.Qxf4 hxg5 
36.Qg3 Bb5 37.d6 Nf6 38.Bxb5 axb5 39.e5 Nh5 40.Qg4 Nf4 41.e6 fxe6 42.Qxe6 
Bf6 43.Nd7+ 1-0

[Event "4th Orense it"]
[Site "Orense ESP"]
[Date "1975.01.23"]
[Round "7"]
[White "Keene, Raymond Dennis"]
[Black "Andersson, Ulf"]
[Result "0-1"]
[WhiteElo "2505"]
[BlackElo "2565"]
[EventDate "1975.01.16"]
[PlyCount "80"]

1.Nf3 Nf6 2.g3 g6 3.c4 Bg7 4.d4 c6 5.Bg2 O-O 6.O-O d5 7.cxd5 cxd5 8.Nc3 
Ne4 9.Ne5 Nxc3 10.bxc3 Nd7 11.Nxd7 Qxd7 12.Qb3 Rd8 13.e4 dxe4 14.Bxe4 Qc7 
15.Bd5 Rxd5 16.Qxd5 Be6 17.Qf3 Qd7 18.Bf4 Bd5 19.Qe3 h6 20.Qe2 Rc8 21.Rfc1
Bc4 22.Qf3 Rc6 23.Be5 Bf8 24.d5 Bxd5 25.Rd1 Rc5 26.Qe3 Qc6 27.Rd2 Ra5 28.
c4 Bh1 29.f3 Qxf3 30.Qxf3 Bxf3 31.Kf2 Bc6 32.Bd4 f6 33.Be3 Kf7 34.Rb1 Ra4 
35.Rc1 e5 36.Rcc2 Be7 37.Rb2 g5 38.Rdc2 f5 39.Rb3 f4 40.Bd2 Bc5+ 0-1

[Event "4th Orense it"]
[Site "Orense ESP"]
[Date "1975.01.23"]
[Round "7"]
[White "Larsen, Bent"]
[Black "Diez del Corral Rivas, Jesus Maria"]
[Result "1-0"]
[WhiteElo "2625"]
[BlackElo "2515"]
[EventDate "1975.01.16"]
[Annotator "Larsen,Bent"]
[PlyCount "75"]

{[Inf 19/196]} 
1.e4 e6 2.d4 d5 3.Nd2 Be7 $6 4.e5 ( 4.Bd3 $5 ) 4...Nh6 5.Ndf3 c5 $5 6.c3 (
6.Bxh6 $5 gxh6 7.Qd2 $13 ) 6...Nf5 7.Bd3 Nc6 8.Ne2 Nh4 9.Nxh4 Bxh4 10.a3 (
10.O-O $14 ) 10...a5 11.b3 Be7 12.O-O Qb6 ( 12...b6 $5 ) 13.Be3 Bd7 14.Qd2
a4 $6 15.dxc5 Bxc5 16.Bxc5 Qxc5 17.b4 Qb6 18.Qg5 $16 O-O 19.Rae1 Qd8 20.
Qe3 f5 21.f4 Rc8 22.Rc1 $1 Rc7 23.c4 dxc4 24.Bxc4 Qe7 25.Ba2 Rfc8 26.Qb6 
Be8 27.Rc3 Nd8 28.Rxc7 Rxc7 29.Nd4 $18 Bf7 30.h3 Qd7 31.Kh2 Rc3 32.Rf3 Rc1
33.Rd3 h6 34.Rd2 Nc6 35.Nf3 Qe7 36.b5 Bh5 37.bxc6 Bxf3 38.cxb7 {
[Comentarios: GM Bent Larsen. (Inf 19/196). || Fuente: INFORMADOR 
AJEDREC�STICO. (1975, tomo 19, partida n�mero 196). Confrontaci�n B. 
Larsen vs. D. del Corral de "Orense 1975". Editorial Sahovski Informator. 
Belgrado, Yugoslavia. ]} 1-0

[Event "4th Orense it"]
[Site "Orense ESP"]
[Date "1975.01.23"]
[Round "7"]
[White "Lombardy, William James"]
[Black "Cardoso, Rodolfo Tan"]
[Result "1-0"]
[WhiteElo "2515"]
[BlackElo "2410"]
[EventDate "1975.01.16"]
[PlyCount "81"]

1.g3 d5 2.Nf3 g6 3.Bg2 Bg7 4.c4 c6 5.d4 Nf6 6.Nc3 O-O 7.Qb3 dxc4 8.Qxc4 
Nbd7 9.O-O Nb6 10.Qb3 Be6 11.Qc2 Qc8 12.Ng5 Bd7 13.Rd1 h6 14.Nf3 Bh3 15.e4
Bxg2 16.Kxg2 Qe6 17.b3 Rfd8 18.Ba3 Nh5 19.h3 Rac8 20.Rac1 g5 21.Qe2 Nf6 
22.Rd3 Nbd7 23.Rcd1 Re8 24.Re3 g4 25.hxg4 Nxg4 26.Red3 c5 27.dxc5 Nxc5 28.
Rd5 Bxc3 29.Rxc5 Nf6 30.e5 b6 31.Rxc8 Rxc8 32.Qa6 Nh5 33.Bc1 Rc7 34.Qe2 
Rc5 35.Qe4 Rc8 36.Rh1 Qg6 37.Qxg6+ fxg6 38.Bxh6 Rc5 39.Rd1 Rc8 40.Rd7 Kf7 
41.g4 1-0

[Event "4th Orense it"]
[Site "Orense ESP"]
[Date "1975.01.23"]
[Round "7"]
[White "Pomar Salamanca, Arturo"]
[Black "Garcia Gonzales, Guillermo"]
[Result "1-0"]
[WhiteElo "2450"]
[BlackElo "2485"]
[EventDate "1975.01.16"]
[Annotator "Pomar,Arturo"]
[PlyCount "67"]

1.d4 Nf6 2.Nf3 g6 3.g3 d5 4.Bg2 Bg7 5.O-O O-O 6.c4 {[Adopto este sistema 
del que soy gran conocedor, y que ofrece gran solidez para el blanco; 
prueba de ello es que, hasta el momento, no he sufrido ninguna derrota con
esta l�nea. ]} 6...c6 ( {Otra posibilidad es} 6...dxc4 7.Na3 Nc6 ( {Si} 
7...Be6 8.Ng5 Bd5 9.e4 {, con ventaja.} ) 8.Nxc4 Be6 9.b3 Bd5 10.Bb2 a5 
11.Rc1 a4 12.bxa4 {, con ventaja para el blanco, como en mi partida con 
Gheorghiu, en una Olimp�ada.} ) 7.b3 dxc4 8.bxc4 c5 9.Bb2 cxd4 10.Nxd4 
Nbd7 11.Qc2 ( {La jugada natural} 11.Nc3 {, ser�a refutada por} 11...Nb6 {
; pinchando sobre el punto c4} ) 11...Nc5 12.Rd1 Bd7 13.Nc3 Qc8 14.Rac1 a6
15.Ba3 ( {Manteniendo la presi�n; un error ser�a} 15.Nd5 Nxd5 16.cxd5 Ba4 
17.Nb3 {, ganando material} ) 15...Re8 16.Nb3 Bf5 $1 {[Salvando 
moment�neamente la dif�cil situaci�n ]} 17.e4 Nxb3 18.Qxb3 $1 ( {M�s 
efectivo que} 18.axb3 {; no tiene importancia seguir con el pe�n aislado, 
ya que las blancas presionan} ) 18...Bh3 19.Bh1 Rb8 20.Nd5 Nxd5 21.exd5 $1
{[Intentando crear un peligroso pe�n pasado en el flanco de dama ]} 21...
b6 22.d6 Bf8 ( {Tratando de sostener a toda costa la posici�n; un error 
era} 22...exd6 23.Bxd6 Rb7 24.c5 $1 {, con clara ventaja} ) 23.dxe7 Bxe7 
24.Bb2 {[Tomando con car�cter definitivo la gran diagonal negra ]} 24...f6
25.c5+ $1 Be6 {[En este momento mi adversario me propone tablas; la 
situaci�n es algo confusa, sin embargo rehuso, creyendo ver para mi 
bandomejoresperspectivas]} 26.Bd5 Bxc5 27.Bxf6 Bxd5 28.Rxd5 Qe6 29.Ba1 
Rbc8 ( {Perd�a de inmediato} 29...Rf8 30.Rd7 Bxf2+ 31.Kg2 Qxb3 32.Rg7+ Kh8
33.Rxg6+ {y mate en pocas jugadas} ) ( {Sin embargo, algo mejor que la del
texto era la siguiente continuaci�n:} 29...Rb7 30.Rcxc5 bxc5 31.Qxb7 Qe1+ 
32.Kg2 {, si bien las blancas manten�an la ventaja} ) 30.Rcd1 Bf8 31.Qb2 
Re7 32.Rd6 $1 {[El golpe decisivo ]} 32...Qh3 ( {Tampoco salvaba la 
partida} 32...Qe1+ 33.Rxe1 Rxe1+ 34.Kg2 Rxa1 35.Rd7 Rac1 36.Qf6 {, etc.} )
33.Qh8+ Kf7 34.Rf6+ ( {Y negras abandonan ante la inminencia del mate:} 
34.Rf6+ Ke8 35.Rxf8# ( 35.Qxf8# ) ) 1-0

[Event "4th Orense it"]
[Site "Orense ESP"]
[Date "1975.01.23"]
[Round "7"]
[White "Rodriguez Vargas, Orestes"]
[Black "Quinteros, Miguel Angel"]
[Result "1/2-1/2"]
[WhiteElo "2435"]
[BlackElo "2505"]
[EventDate "1975.01.16"]
[PlyCount "69"]

1.e4 c5 2.Nf3 d6 3.d4 cxd4 4.Nxd4 Nf6 5.Nc3 a6 6.Be2 Nbd7 7.Be3 Nc5 8.f3 
e6 9.a4 b6 10.O-O Bb7 11.Qd2 Rc8 12.Rfd1 Qc7 13.Ra3 Ncd7 14.Na2 d5 15.Rc3 
Qd8 16.Rxc8 Qxc8 17.exd5 Nxd5 18.Bf2 Be7 19.c4 N5f6 20.a5 bxa5 21.Qxa5 O-O
22.b4 Nb8 23.Nc3 e5 24.Nc2 e4 25.fxe4 Nxe4 26.Nxe4 Bxe4 27.Ne3 Nc6 28.Nd5 
Bxd5 29.Qxd5 Bxb4 30.c5 Rd8 31.Qe4 Rxd1+ 32.Bxd1 Qe6 33.Qxe6 fxe6 34.Bf3 
Ne7 35.c6 1/2-1/2

[Event "4th Orense it"]
[Site "Orense ESP"]
[Date "1975.01.24"]
[Round "8"]
[White "Cardoso, Rodolfo Tan"]
[Black "Bellon Lopez, Juan Manuel"]
[Result "1/2-1/2"]
[WhiteElo "2410"]
[BlackElo "2415"]
[EventDate "1975.01.16"]
[PlyCount "70"]

1.e4 c5 2.Nf3 g6 3.d4 Bg7 4.Nc3 cxd4 5.Nxd4 Nc6 6.Be3 Nf6 7.Be2 O-O 8.Nb3 
d6 9.g4 Be6 10.g5 Nd7 11.f4 a5 12.a4 Rc8 13.O-O Nb6 14.Rf2 Nc4 15.Bxc4 
Bxc4 16.Nd2 Nb4 17.Nf3 Qd7 18.Rg2 Na6 19.Bd4 Bxd4+ 20.Nxd4 Qc7 21.Kh1 Qb6 
22.f5 Nb4 23.Qd2 Bd3 $5 ( 23...e5 24.Ndb5 Rfd8 $11 ) 24.Qe3 Ba6 ( 24...Bc4
$142 ) 25.Re1 ( 25.f6 $5 ) 25...Rc4 ( 25...e5 26.fxe6 fxe6 27.Nxe6 Qxe3 
28.Rxe3 Rf1+ 29.Rg1 Nxc2 ) 26.Rd1 Qc5 $2 ( 26...e5 $142 ) 27.f6 Qe5 28.Nf3
Qe6 29.Qf4 Re8 $2 ( 29...Rd8 $142 ) 30.Rgd2 $2 ( 30.fxe7 Qxe7 31.Qxd6 ) 
30...d5 $2 ( 30...Na2 31.Nd4 ( 31.Nxa2 $2 Rxe4 $17 ) 31...Qe5 32.Qxe5 dxe5
33.Nde2 $16 ) 31.Nd4 $2 ( 31.Ne5 exf6 32.Nxc4 fxg5 33.Qxg5 dxc4 34.Qxa5 
$18 ) 31...Qh3 $2 ( 31...Qd6 32.Qxd6 exd6 33.Ndb5 $16 ) 32.Nxd5 $2 ( 32.
fxe7 ) 32...Nxd5 33.exd5 exf6 34.Qxf6 Rxd4 35.Rxd4 Re2 {36.Qd8+ Kg7 
37.Qf6+ tablas. Notas de DeepFritz9} 1/2-1/2

[Event "4th Orense it"]
[Site "Orense ESP"]
[Date "1975.01.24"]
[Round "8"]
[White "Diez del Corral Rivas, Jesus Maria"]
[Black "Garcia Gonzales, Guillermo"]
[Result "0-1"]
[WhiteElo "2515"]
[BlackElo "2485"]
[EventDate "1975.01.16"]
[PlyCount "49"]

1.e4 e5 2.Nf3 Nc6 3.Bb5 Nge7 4.Nc3 Ng6 5.d3 a6 6.Bc4 b5 7.Bb3 Na5 8.Bg5 f6
9.Bd2 c6 10.Ne2 Nxb3 11.axb3 d5 12.Ba5 Qd6 13.Nd2 Be7 14.Ng1 f5 15.g3 f4 
16.Qf3 Bg4 17.Qg2 fxg3 18.f3 Bd7 19.Qxg3 Qf6 20.O-O-O Nh4 21.Bc7 Ng6 22.
exd5 cxd5 23.Re1 d4 24.Bxe5 Nxe5 25.Qg6+ 0-1

[Event "4th Orense it"]
[Site "Orense ESP"]
[Date "1975.01.24"]
[Round "8"]
[White "Hernando Pertierra, Jose Carlos"]
[Black "Rodriguez Vargas, Orestes"]
[Result "1-0"]
[WhiteElo "2200"]
[BlackElo "2435"]
[EventDate "1975.01.16"]
[PlyCount "55"]

1.Nf3 c5 2.b3 Nf6 3.Bb2 Nc6 4.e3 e6 5.c4 Be7 6.d4 d5 7.Nc3 O-O 8.Bd3 cxd4 
9.exd4 dxc4 10.bxc4 Kh8 11.Be2 Qb6 12.Qb3 Nxd4 13.Nxd4 Qxd4 14.Nd5 Qc5 15.
Nxe7 Ne4 16.O-O Qxe7 17.Bf3 Nc5 18.Qe3 Bd7 19.Ba3 Rac8 20.Bxb7 Rc7 21.Rab1
Bc8 22.Rb5 Qh4 23.Bxc8 Rfxc8 24.Rxc5 Rxc5 25.Bxc5 Qxc4 26.Rc1 Qxa2 27.Bd4 
Rg8 28.Bxg7+ 1-0

[Event "4th Orense it"]
[Site "Orense ESP"]
[Date "1975.01.24"]
[Round "8"]
[White "Ljubojevic, Ljubomir"]
[Black "Keene, Raymond Dennis"]
[Result "1/2-1/2"]
[WhiteElo "2615"]
[BlackElo "2505"]
[EventDate "1975.01.16"]
[PlyCount "81"]

1.f4 b6 2.b3 Bb7 3.Bb2 Nf6 4.e3 g6 5.Nf3 Bg7 6.Be2 O-O 7.O-O c5 8.a4 Nc6 
9.Na3 d5 10.Ne5 Rc8 11.Bf3 e6 12.Qe2 Qe7 13.d3 Rfd8 14.Nxc6 Bxc6 15.e4 Ne8
16.e5 a6 17.c4 Qb7 18.Nc2 Rd7 19.Ne3 dxc4 20.bxc4 Rcd8 21.Bxc6 Qxc6 22.
Rfd1 b5 23.axb5 axb5 24.Bc3 b4 25.Bb2 Ra8 26.Ng4 Rda7 27.Rxa7 Rxa7 28.Nf2 
Ra2 29.Ne4 f5 30.Ng3 Qa4 31.Rb1 Bh6 32.Qd2 Bxf4 33.Qxf4 Rxb2 34.Rxb2 Qa1+ 
35.Nf1 Qxb2 36.Qe3 Qc2 37.Qxc5 b3 38.Qe7 Ng7 39.Qd8+ Kf7 40.Qd7+ Kf8 41.
Qd6+ 1/2-1/2

[Event "4th Orense it"]
[Site "Orense ESP"]
[Date "1975.01.24"]
[Round "8"]
[White "Quinteros, Miguel Angel"]
[Black "Gheorghiu, Florin"]
[Result "1/2-1/2"]
[WhiteElo "2505"]
[BlackElo "2540"]
[EventDate "1975.01.16"]
[PlyCount "26"]

1.e4 c5 2.Nf3 d6 3.d4 cxd4 4.Nxd4 Nf6 5.Nc3 Nc6 6.Bc4 e6 7.Be3 Be7 8.Qe2 
a6 9.O-O-O Qc7 10.Bb3 O-O 11.f4 Nxd4 12.Rxd4 b5 13.Rf1 Rb8 1/2-1/2

[Event "4th Orense it"]
[Site "Orense ESP"]
[Date "1975.01.24"]
[Round "8"]
[White "Tarjan, James Edward"]
[Black "Pomar Salamanca, Arturo"]
[Result "1/2-1/2"]
[WhiteElo "2480"]
[BlackElo "2450"]
[EventDate "1975.01.16"]
[PlyCount "33"]

1.d4 d5 2.c4 c6 3.cxd5 cxd5 4.Nc3 Nf6 5.Nf3 Nc6 6.Bf4 Bf5 7.e3 e6 8.Bd3 
Bxd3 9.Qxd3 Bd6 10.Bxd6 Qxd6 11.O-O O-O 12.Rac1 Rac8 13.h3 Rfd8 14.Rfd1 h6
15.Nb5 Qb8 16.Nc3 Qd6 17.Nb5 1/2-1/2

[Event "4th Orense it"]
[Site "Orense ESP"]
[Date "1975.01.25"]
[Round "9"]
[White "Bellon Lopez, Juan Manuel"]
[Black "Andersson, Ulf"]
[Result "0-1"]
[WhiteElo "2415"]
[BlackElo "2565"]
[EventDate "1975.01.16"]
[PlyCount "52"]

1.e4 c5 2.b3 b6 3.g3 Bb7 4.Bg2 e6 5.Qe2 Nf6 6.Bb2 Be7 7.d3 O-O 8.f4 Nc6 9.
Nf3 d5 10.Nbd2 $2 ( 10.c4 ) 10...Nb4 $17 11.e5 $2 Nd7 $2 ( {No se ve que 
problema hay con} 11...Nxc2+ 12.Kd1 Nxa1 13.exf6 Bxf6 14.Ne5 Nxb3 ) 12.Nf1
d4 13.h4 Qc7 ( 13...b5 $5 ) 14.a3 Nd5 15.Ng5 h6 16.Be4 Rae8 $2 ( 16...b5 )
17.Qh5 $2 ( 17.Nh7 ) 17...Bd8 18.Nh7 $2 Nxf4 19.gxf4 Bxe4 20.dxe4 Kxh7 21.
Nd2 g6 ( 21...f6 $1 ) 22.Qe2 f6 23.Nf3 fxe5 24.h5 g5 ( 24...Rg8 25.hxg6+ 
Rxg6 {parece incluso mejor} ) 25.fxg5 Bxg5 26.Nxg5+ hxg5 {(...29, estas 
�ltimas jugadas parecen mal transcritas)} 0-1

[Event "4th Orense it"]
[Site "Orense ESP"]
[Date "1975.01.25"]
[Round "9"]
[White "Durao, Joaquim Manuel"]
[Black "Diez del Corral Rivas, Jesus Maria"]
[Result "0-1"]
[WhiteElo "2350"]
[BlackElo "2515"]
[EventDate "1975.01.16"]
[PlyCount "70"]

1.d4 Nf6 2.c4 g6 3.Nc3 Bg7 4.e4 d6 5.f3 O-O 6.Be3 c6 7.Qd2 e5 8.d5 cxd5 9.
cxd5 h6 10.Nge2 Nbd7 11.g4 h5 12.h3 b5 13.Bg5 Qa5 14.Ng3 Nc5 15.gxh5 Bd7 
16.h4 Rac8 17.hxg6 fxg6 18.h5 Nb3 19.axb3 Qxa1+ 20.Nd1 Nh7 21.hxg6 $2 ( 
21.Be2 Nxg5 22.Qxg5 Qc1 ) 21...Nxg5 22.Qxg5 Rxf3 23.Rh7 $2 ( 23.Ne2 ) 
23...Qa5+ 24.Ke2 Rxg3 $2 ( 24...Bf6 ) 25.Qxg3 Rc2+ 26.Kf3 Qd2 $2 ( 26...
Qd8 ) 27.Ne3 Rc8 28.Qg1 $4 ( 28.Qh4 $18 { Rh8+} ) 28...Rf8+ 29.Kg3 Rf6 
30.Kh4 Rf4+ 31.Kg3 Rxe4 32.Ng2 Rg4+ 33.Kh2 Rxg6 34.Rh4 e4 35.Qxa7 Be5+ 0-1

[Event "4th Orense it"]
[Site "Orense ESP"]
[Date "1975.01.25"]
[Round "9"]
[White "Garcia Gonzales, Guillermo"]
[Black "Tarjan, James Edward"]
[Result "0-1"]
[WhiteElo "2485"]
[BlackElo "2480"]
[EventDate "1975.01.16"]
[PlyCount "80"]

1.c4 Nf6 2.Nc3 d5 3.cxd5 Nxd5 4.Nf3 g6 5.Qa4+ Bd7 6.Qb3 Nb6 7.Ng5 e6 8.d3 
h6 9.Nf3 Bg7 10.a4 a5 11.Be3 e5 12.Bxb6 cxb6 13.e3 O-O 14.Be2 Be6 15.Qd1 
Nc6 16.O-O Rc8 17.Qd2 Qe7 18.d4 exd4 19.exd4 Rfd8 20.Nb5 Qb4 21.Rfd1 Bb3 
22.Qf4 Bxd1 23.Rxd1 Rd7 24.Rc1 Qxb2 25.Bc4 g5 26.Qe3 Re7 27.Qd2 Qxd2 28.
Nxd2 Rd7 29.Ne4 Bxd4 30.h4 Kg7 31.Nbd6 Rcd8 32.Nf5+ Kg6 33.g4 Ne7 34.h5+ 
Kh7 35.Bxf7 Nxf5 36.Bg6+ Kg7 37.Bxf5 Re7 38.Kg2 Be5 39.Rc2 Rd4 40.Ra2 Rb4 
0-1

[Event "4th Orense it"]
[Site "Orense ESP"]
[Date "1975.01.25"]
[Round "9"]
[White "Gheorghiu, Florin"]
[Black "Hernando Pertierra, Jose Carlos"]
[Result "1/2-1/2"]
[WhiteElo "2540"]
[BlackElo "2200"]
[EventDate "1975.01.16"]
[PlyCount "112"]

1.c4 Nf6 2.Nc3 c5 3.Nf3 b6 4.g3 Bb7 5.Bg2 g6 6.b3 Bg7 7.Bb2 O-O 8.O-O d5 
9.cxd5 Nxd5 10.Qc1 Nxc3 11.Bxc3 Bxc3 12.dxc3 Kg7 13.Qf4 Nc6 14.Ne5 Qc8 15.
Rfd1 Nxe5 16.Qxe5+ Kg8 17.h4 Bxg2 18.Kxg2 h5 19.Rd2 Rd8 20.Rad1 Qb7+ 21.f3
Rxd2 22.Rxd2 a5 23.a4 Rc8 24.Kf2 Qc7 25.Qxc7 Rxc7 26.Ke3 c4 27.Rb2 cxb3 
28.Rxb3 Rc4 29.Ra3 Kf8 30.Kd3 Rc6 31.Rb3 Ke8 32.c4 Rd6+ 33.Kc3 Rc6 34.Kd4 
Rd6+ 35.Kc3 Rc6 36.Rb5 Kd7 37.g4 Re6 38.gxh5 gxh5 39.Kd3 Rd6+ 40.Kc3 Re6 
41.Kd3 Rd6+ 42.Kc3 Re6 43.e4 Rf6 44.Kd4 Rd6+ 45.Ke3 Rc6 46.Rd5+ Kc7 47.Kd4
Rf6 48.Rxh5 Rxf3 49.Rf5 Ra3 50.Rxf7 Kd6 51.e5+ Ke6 52.Rh7 Rxa4 53.Rh6+ Kf5
54.Rxb6 Ra1 55.e6 Rh1 56.Kd5 Rd1+ $14 1/2-1/2

[Event "4th Orense it"]
[Site "Orense ESP"]
[Date "1975.01.25"]
[Round "9"]
[White "Keene, Raymond Dennis"]
[Black "Quinteros, Miguel Angel"]
[Result "0-1"]
[WhiteElo "2505"]
[BlackElo "2505"]
[EventDate "1975.01.16"]
[Annotator "Quinteros/Raicevic"]
[PlyCount "64"]

1.Nf3 g6 2.c4 Bg7 3.d4 Nf6 4.g3 O-O 5.Bg2 d6 6.O-O c6 7.Nc3 ( {Con el 
mismo Keene, en Montilla 1974, despu�s de} 7.Nc3 {jugu�} 7...a6 8.d5 Nbd7 
$1 {, invitando a capturar un pe�n, pero en compensaci�n un buen juego 
para las negras. En un momento pens� repetir la variante para saber qu� 
refutaci�n el maestro Keene hab�a encontrado, pero psicol�gicamente 
hubiera sido una desventaja.} ) 7...Bf5 $6 8.Nd2 $6 ( {Inf 19/602:} 8.Nh4 
$1 {, con idea de e4, f4} ) ( {En el Interzonal de Leningrado, en mi 
partida con Larsen, con las piezas blancas prefer�} 8.b3 Qa5 9.Qd2 $1 {, y
obtuve una muy buena posici�n que me llev� a la victoria. Keene se aparta 
y encuentra un nuevo plan para las blancas.} ) 8...e5 9.d5 c5 10.e4 Bd7 
11.b3 $2 ( {Inf 19/602:} 11.Rb1 {, con idea de a3, b4} ) 11...Ng4 $1 
12.Bb2 ( {Si} 12.h3 Nh6 {y con 13...f5 las negras tendr�an buen juego.} ) 
12...f5 13.exf5 gxf5 $15 14.h3 Nf6 15.f4 e4 16.Qc2 $1 ( {Inf 19/602:} 16.
Qe2 $5 ) 16...Na6 {[El caballo dama cumplir� la misi�n de frenar cualquier
actividad blanca en el flanco dama.]} 17.a3 Qe8 $1 {[El pasaje de la dama 
al flanco rey es muy importante, pues crear� amenaza sobre el punto g3 y 
no permitir� un estable bloqueo en e3. ]} 18.Rfe1 $6 ( {Inf 19/602:} 18.
Rae1 $5 ) 18...Qg6 19.Nf1 h5 $1 $17 20.Ne2 h4 $1 21.gxh4 Qh6 22.Nfg3 Qxh4 
23.Kh1 Kf7 $1 24.Rab1 {[Las esperanzas blancas est�n por el flanco rey, 
pero el caballo negro controlar� cualquier reacci�n.]} 24...Rh8 25.b4 Rag8
$19 26.Rf1 b6 $1 {[Las blanca s no tienen jugadas �tiles, por eso las 
negras hacen jugadas profil�cticas en el flanco dama antes de comenzar el 
asalto final al rey. ]} 27.Bc3 Ng4 $1 28.Bxg7 Rxg7 29.Qc3 Nf6 30.Rg1 Rhg8 
31.Bf1 Ng4 $1 32.Rb2 Nf2+ ( 32...Nf2+ {. Si} 33.Kh2 Rh7 {y el rey estar�a 
en una red de mate.} ( {M�s fuerte que} 33...Nd1 ) ) 0-1

[Event "4th Orense it"]
[Site "Orense ESP"]
[Date "1975.01.25"]
[Round "9"]
[White "Lombardy, William James"]
[Black "Ljubojevic, Ljubomir"]
[Result "1-0"]
[WhiteElo "2515"]
[BlackElo "2615"]
[EventDate "1975.01.16"]
[PlyCount "77"]

1.d4 Nf6 2.c4 e6 3.Nc3 Bb4 4.e3 O-O 5.Ne2 b6 6.a3 Bxc3+ 7.Nxc3 Bb7 8.Bd3 
c5 9.d5 exd5 10.cxd5 Re8 11.O-O d6 12.e4 Nbd7 13.Bg5 a6 14.a4 h6 15.Bh4 
Ne5 16.Kh1 Rc8 17.f4 Ng6 18.Bg3 c4 19.Bc2 Ba8 20.Qf3 Nd7 21.Rae1 b5 22.
axb5 axb5 23.Nxb5 Qb6 24.Nc3 Qxb2 25.Ba4 Qb7 26.h4 Ngf8 27.Rb1 Qc7 28.Bf2 
Qd8 29.g4 Re7 30.g5 hxg5 31.hxg5 Ng6 ( 31...Nc5 $142 ) 32.Kh2 $2 ( 32.f5 
Nge5 33.Qh3 $40 ) 32...Nc5 33.Bxc5 Rxc5 34.Kg3 Ra7 35.Rh1 Bb7 36.Rh5 f6 
37.f5 $18 ( 37.Rbh1 Kf7 38.Rh7 ) 37...Ne5 38.Qh1 Kf7 39.Rh8 1-0

[Event "4th Orense it"]
[Site "Orense ESP"]
[Date "1975.01.25"]
[Round "9"]
[White "Pomar Salamanca, Arturo"]
[Black "Cardoso, Rodolfo Tan"]
[Result "1-0"]
[WhiteElo "2450"]
[BlackElo "2410"]
[EventDate "1975.01.16"]
[PlyCount "87"]

1.d4 Nf6 2.Nf3 e6 3.c4 d5 4.Nc3 Be7 5.Bg5 O-O 6.Rc1 Nbd7 7.e3 dxc4 8.Bxc4 
c5 9.O-O b6 10.Qe2 Bb7 11.Rfd1 Rc8 12.Ba6 Bxa6 13.Qxa6 cxd4 14.exd4 h6 15.
Bxf6 Nxf6 16.Qxa7 b5 17.Ne5 Rc7 18.Qa6 b4 19.Nb5 Rxc1 20.Rxc1 Qa8 21.Qa7 
Nd5 22.g3 Bf6 23.a4 bxa3 24.bxa3 Qb8 25.Qxb8 Rxb8 26.Nd6 Ra8 27.Rc8+ Rxc8 
28.Nxc8 Nc3 29.Nd6 Ne2+ 30.Kf1 Nxd4 31.Ndxf7 Nf3 32.Nxh6+ gxh6 33.Nxf3 Kf8
34.Ke2 Ke8 35.Nd2 Kd7 36.Kd3 Be7 37.a4 Kd6 38.Kc4 Bd8 39.f3 Bb6 40.Ne4+ 
Ke5 41.Kb5 Bg1 42.a5 Kd5 43.a6 Ba7 44.h4 1-0

[Event "4th Orense it"]
[Site "Orense ESP"]
[Date "1975.01.25"]
[Round "9"]
[White "Rodriguez Vargas, Orestes"]
[Black "Larsen, Bent"]
[Result "0-1"]
[WhiteElo "2435"]
[BlackElo "2625"]
[EventDate "1975.01.16"]
[Annotator "Larsen,Bent"]
[PlyCount "106"]

{[Inf 19/579]} 
1.d4 Nf6 2.c4 g6 3.Nc3 d5 4.cxd5 Nxd5 5.e4 Nxc3 6.bxc3 Bg7 7.Bc4 O-O 8.Ne2
Qd7 $5 ( 8...b6 $5 9.h4 Nc6 $1 ) 9.O-O b6 10.f4 $5 ( 10.a4 $6 {- 4/760} ) 
( 10.Be3 {- 18/608} ) 10...Bb7 11.Qd3 Nc6 ( 11...e6 $2 12.f5 $16 ) 12.f5 
Na5 13.Bb3 {N} ( 13.Ba6 {- 18/607} ) 13...Nxb3 14.axb3 a5 15.Bg5 c5 $2 ( 
15...gxf5 $5 ) 16.d5 $16 gxf5 17.Rxf5 Ba6 18.Qg3 Kh8 19.Nf4 f6 20.Qh3 $2 
Qe8 21.Bh6 Bc8 22.Bxg7+ Kxg7 23.Ne6+ Bxe6 24.dxe6 a4 $17 25.Rh5 Qg6 26.
bxa4 Qxe4 27.Rh4 Qc2 28.Qe3 Rad8 29.h3 Kh8 30.Rc1 Qd2 31.Re1 Rg8 $19 32.
Rg4 Qxe3+ 33.Rxe3 Rxg4 34.hxg4 Kg7 35.Kf2 Kg6 36.c4 Rd4 37.Rb3 Rd6 38.Re3 
h6 39.Kf3 Kg5 40.g3 Kg6 41.Rb3 Rxe6 42.Rb5 Kf7 43.a5 bxa5 44.Rxa5 Re5 45.
Ra6 h5 46.gxh5 Rxh5 47.g4 Rh3+ 48.Ke4 Rg3 49.Kd5 Rxg4 50.Kxc5 e5 51.Ra8 
Rg1 52.Kc6 Rd1 53.c5 e4 0-1

[Event "4th Orense it"]
[Site "Orense ESP"]
[Date "1975.01.26"]
[Round "10"]
[White "Andersson, Ulf"]
[Black "Pomar Salamanca, Arturo"]
[Result "1/2-1/2"]
[WhiteElo "2565"]
[BlackElo "2450"]
[EventDate "1975.01.16"]
[PlyCount "66"]

1.Nf3 d5 2.g3 g6 3.Bg2 Bg7 4.d4 Nf6 5.O-O O-O 6.c4 c6 7.cxd5 cxd5 8.Ne5 
Ng4 9.Nxg4 Bxg4 10.Nc3 Nc6 11.h3 Be6 12.e3 Rc8 13.Kh2 h5 14.Qf3 Nb4 15.Bd2
Qb6 16.a3 Nc6 17.b4 Rfd8 18.Na4 Qc7 19.Rfc1 a6 20.Qf4 Rd6 21.Nc5 Bf5 22.
Bc3 f6 23.e4 e5 24.dxe5 fxe5 25.Qf3 dxe4 26.Nxe4 Bxe4 27.Qxe4 Qf7 28.Rc2 
Nd4 29.Bxd4 Rxc2 30.Qxc2 exd4 31.Rd1 Kh7 32.h4 b5 33.Be4 Qc4 1/2-1/2